Vývoj špecifických sorbentov na báze biouhlia využitím odpadových materiálov
Salvato in:
| Autore principale: | |
|---|---|
| Altri autori: | |
| Natura: | Manoscritto Libro |
| Lingua: | slovacco |
| Pubblicazione: |
2024
|
| Soggetti: | |
| Accesso online: | http://is.stuba.sk/zp/portal_zp.pl?podrobnosti=176683 |
| Tags: |
Nessun Tag, puoi essere il primo ad aggiungerne!!
|
MARC
| LEADER | 00000ntm a22000003a 4500 | ||
|---|---|---|---|
| 001 | stuzp97469 | ||
| 003 | SK-STU | ||
| 005 | 20240601210244.1 | ||
| 007 | ta | ||
| 008 | 150427s2015----xo-----f-mn---000-0-slo-d | ||
| 040 | |a STU |b slo | ||
| 041 | 0 | |a slo | |
| 100 | 1 | |a Fusatý, Marcel |u 046290 |4 aut |U FCHPT Ústav chemického a environmentálneho inžinierstva |T FCHPT Oddelenie environmentálneho inžinierstva |X 104763 |U C6290 |Y 120 |7 104763 | |
| 242 | 0 | 1 | |a Development of specific biochar-based sorbents using waste materials |y eng |
| 245 | 1 | 0 | |a Vývoj špecifických sorbentov na báze biouhlia využitím odpadových materiálov |
| 260 | |c 2024 | ||
| 650 | 4 | |a biochar |2 slo | |
| 650 | 4 | |a pyrolýza |2 slo | |
| 650 | 4 | |a špecifický povrch |2 slo | |
| 650 | 4 | |a aktivácia |2 slo | |
| 650 | 4 | |a biochar |2 eng | |
| 650 | 4 | |a activation |2 eng | |
| 650 | 4 | |a surface area |2 eng | |
| 650 | 4 | |a pyrolysis |2 eng | |
| 700 | 1 | |a Imreová, Zuzana |u 046290 |k Z1 |4 ths |U FCHPT Ústav chemického a environmentálneho inžinierstva |T FCHPT Oddelenie environmentálneho inžinierstva |X 25622 |U C6290 |Y 120 |7 A000025622 | |
| 856 | 4 | |u http://is.stuba.sk/zp/portal_zp.pl?podrobnosti=176683 | |